[Event "Chigorin Memorial"]
[Site "St Petersburg RUS"]
[Date "2013.10.12"]
[Round "8.69"]
[White "Ageichenko, Genadi A"]
[Black "Ivanov, Sergei V."]
[Result "1-0"]
[WhiteTitle "IM"]
[WhiteElo "2296"]
[BlackElo "2053"]
[WhiteFideId "4105222"]
[BlackFideId "24170003"]
[EventDate "2013.10.05"]

1. e4 Nc6 2. Nc3 e5 3. Bc4 Nf6 4. d3 Bc5 5. f4 exf4 6. Bxf4 d6 7. Nf3 a6 8. Qd2
Na5 9. Bb3 Nxb3 10. axb3 Nh5 11. Bg5 f6 12. Bh4 Be6 13. d4 Bb6 14. h3 g5 15. Bf2
Nf4 16. Be3 Ng6 17. O-O-O Qd7 18. Kb1 Bf7 19. Rhf1 h5 20. Ng1 O-O-O 21. Rxf6 g4
22. Rdf1 Rh7 23. Qf2 Nh8 24. h4 Re8 25. Nge2 c6 26. Ng3 Bd8 27. Bg5 Bxf6 28.
Bxf6 Bg6 29. e5 Nf7 30. Nge4 dxe5 31. dxe5 Qc7 32. Qa7 Qb8 33. Qc5 Qc7 34. Qa7
Qb8 35. Qc5 Qc7 36. Nd6+ Nxd6 37. exd6 b6 38. Qg5 Qf7 39. Rd1 Kd7 40. Na4 Rb8
41. Re1 Qg8 42. Qe3 c5 43. Kc1 Qd5 44. Bg5 Kc6 45. Qe2 b5 46. Nc3 Qf5 47. Rf1
Re8 48. Qxe8+ Bxe8 49. Rxf5 1-0

[Event "Chigorin Memorial"]
[Site "St Petersburg RUS"]
[Date "2013.10.12"]
[Round "8.70"]
[White "Zherebtsova, Alexandra"]
[Black "Drozdova, Dina"]
[Result "0-1"]
[BlackTitle "WIM"]
[WhiteElo "2078"]
[BlackElo "2291"]
[WhiteFideId "24129518"]
[BlackFideId "4170695"]
[EventDate "2013.10.05"]

1. f4 b6 2. e4 Bb7 3. Nc3 e6 4. Nf3 Bb4 5. Bd3 Nf6 6. Qe2 d5 7. exd5 Nxd5 8.
Nxd5 Qxd5 9. O-O Nd7 10. Ng5 Be7 11. Be4 Qd4+ 12. Kh1 Bxe4 13. Nxe4 O-O 14. c3
Qd5 15. d4 Nf6 16. Nxf6+ Bxf6 17. Be3 g6 18. Qa6 Rfd8 19. a3 Rd6 20. Qe2 Rad8
21. Kg1 h5 22. Rae1 a5 23. Qf3 a4 24. Qxd5 Rxd5 25. Rf3 Rb5 26. Rf2 Be7 27. Kf1
Kf8 28. Rc2 Ke8 29. Ke2 Rb3 30. Kf3 Rd5 31. g3 Kd7 32. Bf2 Bf6 33. Be3 Kc6 34.
Ke4 Bg7 35. Ree2 Rd7 36. h3 Kb5 37. Red2 Kc4 38. g4 Rb5 39. Rg2 Bh6 40. Kf3 Rbd5
41. Rge2 Bg7 42. Bf2 Rd8 43. g5 c5 44. dxc5 bxc5 45. Be3 Rd1 46. Bf2 R8d3+ 47.
Kg2 Bf8 48. Be3 Bd6 49. Kf2 Rd5 50. Kg3 R1d3 51. Kf3 Rd1 52. Ke4 Rh1 53. Rh2
Rxh2 54. Rxh2 Rxg5 55. Rh1 Rd5 56. Rg1 Kb3 57. Rg2 Rd1 58. Re2 Kc4 59. Rg2 Rf1
60. Bf2 Rh1 61. h4 Rd1 62. Be3 Be7 63. Bf2 Rd2 64. Bxc5 Rxg2 65. Bxe7 Re2+ 66.
Kf3 Rxb2 67. Bb4 Rh2 68. Kg3 Rc2 69. Kf3 Rc1 70. Ke4 Re1+ 0-1

[Event "Chigorin Memorial"]
[Site "St Petersburg RUS"]
[Date "2013.10.12"]
[Round "8.71"]
[White "Radkov, Bazhen D."]
[Black "Pustovoitova, Daria"]
[Result "0-1"]
[BlackTitle "FM"]
[WhiteElo "2027"]
[BlackElo "2286"]
[WhiteFideId "24170593"]
[BlackFideId "4182146"]
[EventDate "2013.10.05"]

1. e4 e6 2. d4 d5 3. Nd2 Nf6 4. e5 Nfd7 5. Bd3 c5 6. c3 Nc6 7. Ne2 cxd4 8. cxd4
f6 9. exf6 Nxf6 10. Nf3 Bd6 11. O-O O-O 12. Bf4 Bxf4 13. Nxf4 Ne4 14. Qc1 Ng5
15. Nxg5 Qxg5 16. Bxh7+ Kxh7 17. Nxe6 Qf5 18. Nxf8+ Qxf8 19. Re1 Bf5 20. Qg5 Rd8
21. Re3 Kg8 22. Rae1 Qf7 23. Rf3 Re8 24. Rxe8+ Qxe8 25. Re3 Qf7 26. Qf4 Qg6 27.
h3 a6 28. Rf3 Be4 29. Rg3 Qe6 30. Qc7 Qf6 31. Qxb7 Nxd4 32. Qc8+ Kh7 33. Qg4 Nf5
34. Qh5+ Nh6 35. Qe2 Bg6 36. Ra3 d4 37. Qxa6 Qf5 38. Qe2 d3 39. Qd2 Nf7 40. Ra4
Qd5 41. Qa5 Qd6 42. Qd2 Qe5 43. Rc4 Nd6 44. Rc1 Qd4 45. b3 Ne4 46. Qe3 Qxe3 47.
fxe3 Nc3 48. Kf2 d2 49. Ra1 d1=Q 50. Rxd1 Nxd1+ 51. Kf3 Nc3 52. a3 Nb1 53. a4
Nd2+ 54. Kf4 Nxb3 55. g4 Be8 56. h4 Bxa4 57. e4 Nc5 58. e5 Bc2 59. h5 Kh6 0-1

[Event "Chigorin Memorial"]
[Site "St Petersburg RUS"]
[Date "2013.10.12"]
[Round "8.72"]
[White "Kazakovskiy, Valeriy"]
[Black "Pashinsky, Mikhail"]
[Result "0-1"]
[WhiteElo "2051"]
[BlackElo "2273"]
[WhiteFideId "13507443"]
[BlackFideId "4152450"]
[EventDate "2013.10.05"]

1. e4 d6 2. d4 Nf6 3. Nc3 g6 4. Bg5 Bg7 5. Qd2 O-O 6. Bh6 Bxh6 7. Qxh6 c5 8.
Nge2 cxd4 9. Nxd4 Qb6 10. O-O-O Nc6 11. Qd2 Nxd4 12. Qxd4 Qxd4 13. Rxd4 Be6 14.
f3 Rfc8 15. Kd2 Rc5 16. Be2 Rac8 17. Rb4 R8c7 18. Rc1 a6 19. g4 g5 20. Na4 R5c6
21. Nb6 Nd7 22. Nxd7 Bxd7 23. c3 Kg7 24. Ke3 Rc5 25. Rb6 Be6 26. a3 h6 27. Kd4
Kf6 28. b4 R5c6 29. Rxc6 Rxc6 30. a4 Rc8 31. a5 Bd7 32. c4 h5 33. h3 hxg4 34.
hxg4 Rh8 35. Rd1 Rh2 36. Ke3 Be6 37. Rc1 Ke5 38. b5 Rh8 39. bxa6 bxa6 40. c5 Rb8
41. c6 Rb3+ 42. Bd3 Ra3 43. c7 Bc8 44. Rh1 Rc3 45. Rh5 Kf6 46. e5+ Kxe5 47.
Rxg5+ Ke6 48. Rg8 Kd7 49. Kd4 Rxc7 50. Rg7 e5+ 51. Ke3 Ke7 52. Rg8 Bb7 53. Rb8
d5 54. g5 Kd6 55. g6 fxg6 56. Bxg6 d4+ 57. Ke2 Bd5 58. Bd3 Rf7 59. Bxa6 Bxf3+
60. Kd2 Be4 61. Rb6+ Kc7 62. Re6 Rf2+ 63. Ke1 Rf5 64. Bb5 Bd5 65. Rh6 Rg5 66. a6
Rg1+ 67. Kf2 Rb1 68. Rh7+ Kb6 69. Bd3 Rb2+ 70. Ke1 e4 71. Bxe4 Bxe4 72. Rh4 Rb1+
73. Kd2 Rb2+ 74. Ke1 Bd3 75. Rxd4 Bxa6 76. Rd2 Rb3 77. Kf2 Kc5 78. Rd7 Bc4 79.
Re7 Kd4 80. Re8 Bd5 81. Re7 Rf3+ 82. Ke2 Rg3 83. Kd2 Rg8 84. Re3 Be4 85. Ra3
Rg2+ 86. Ke1 Bd3 87. Ra8 Ke3 88. Re8+ Be4 89. Kf1 Rg7 90. Re5 Ra7 91. Kg1 Ra1+
92. Kh2 Kf4 0-1

[Event "Chigorin Memorial"]
[Site "St Petersburg RUS"]
[Date "2013.10.12"]
[Round "8.75"]
[White "Vunder, Andrey"]
[Black "Doronkin, Grigory"]
[Result "1-0"]
[WhiteElo "2245"]
[BlackElo "1981"]
[WhiteFideId "4128338"]
[BlackFideId "24164305"]
[EventDate "2013.10.05"]

1. d4 d5 2. Nf3 Nf6 3. c4 c6 4. Nc3 e6 5. cxd5 exd5 6. Qc2 g6 7. Bg5 Be7 8. e4
dxe4 9. Bxf6 Bxf6 10. Qxe4+ Qe7 11. Bc4 Bf5 12. Qxe7+ Bxe7 13. O-O O-O 14. Rfe1
Bf6 15. h3 Nd7 16. g4 Nb6 17. Bb3 Bd3 18. Ne5 Bxe5 19. dxe5 g5 20. e6 fxe6 21.
Rxe6 Bc4 22. Re7 Rf7 23. Rxf7 Bxf7 24. Ne4 Bxb3 25. axb3 h6 26. Nc5 Nd5 27. Nxb7
Nf4 28. Kh2 Re8 29. Rxa7 Re2 30. Kg3 Rxb2 31. Nc5 Rc2 32. Ne4 Rb2 33. Rb7 Ne2+
34. Kg2 Nf4+ 35. Kf3 Nxh3 36. Ke3 Nf4 37. Kd4 Re2 38. Ke5 Ng6+ 39. Kf6 Nf8 40.
Kf5 Ne6 41. f3 Nd4+ 42. Kg6 Kf8 43. Nf6 1-0

[Event "Chigorin Memorial"]
[Site "St Petersburg RUS"]
[Date "2013.10.12"]
[Round "8.76"]
[White "Fedoseeva, Valentina"]
[Black "Kukhmazov, Arsen"]
[Result "0-1"]
[WhiteElo "1950"]
[BlackElo "2239"]
[WhiteFideId "4169875"]
[BlackFideId "24108260"]
[EventDate "2013.10.05"]

1. e4 c6 2. d4 d5 3. Nc3 dxe4 4. Nxe4 Bf5 5. Ng3 Bg6 6. Nf3 e6 7. h4 h6 8. h5
Bh7 9. Bd3 Bxd3 10. Qxd3 Nf6 11. Bd2 c5 12. O-O-O Nc6 13. Bc3 Qd5 14. Qb5 O-O-O
15. Qa4 Ne4 16. Nxe4 Qxe4 17. Rhe1 Qg4 18. Ne5 Nxe5 19. Rxe5 Bd6 20. Ree1 Kb8
21. Qb5 Qxh5 22. g3 Qg5+ 23. Bd2 Qe7 24. Be3 cxd4 25. Rxd4 b6 26. Red1 e5 27.
Rd5 Bc7 28. Rd7 Qe6 29. a4 Rxd7 30. Rxd7 Kc8 31. Rd3 Rd8 32. a5 Rxd3 33. Qxd3 f5
34. axb6 axb6 35. Qe2 g5 36. Bd2 e4 37. Bc3 f4 38. gxf4 gxf4 39. Bd4 Kb7 40. c3
Qf5 41. Qc4 h5 42. b4 e3 43. b5 Qe4 44. fxe3 fxe3 45. Qe2 Bf4 46. Bf6 Qd5 47.
Bd4 h4 48. Kd1 h3 0-1

[Event "Chigorin Memorial"]
[Site "St Petersburg RUS"]
[Date "2013.10.12"]
[Round "8.77"]
[White "Hairapetian, Anna"]
[Black "Mokshanov, Igor"]
[Result "1-0"]
[WhiteTitle "WIM"]
[WhiteElo "2227"]
[BlackElo "1888"]
[WhiteFideId "13303554"]
[BlackFideId "24121665"]
[EventDate "2013.10.05"]

1. e4 e6 2. d4 d5 3. Nc3 Nf6 4. e5 Nfd7 5. f4 c5 6. Nf3 Nc6 7. Be3 a6 8. h4 b5
9. h5 h6 10. Qd2 Qb6 11. Ne2 a5 12. Rh3 b4 13. Rg3 c4 14. c3 Ne7 15. Bf2 Nf5 16.
Rh3 bxc3 17. Nxc3 Bb4 18. g4 Ne7 19. Nh4 Rb8 20. Rb1 a4 21. a3 Ba5 22. Be2 Bxc3
23. Rxc3 Qa5 24. Kf1 Nb6 25. Be1 Na8 26. Bd1 Nc7 27. Qc2 Bd7 28. Rg3 Qa7 29. Bd2
Rb3 30. Nf3 Qa6 31. Kg1 Qa7 32. Qc1 Rb7 33. Bc2 Qb8 34. Nh4 Qc8 35. g5 Nf5 36.
Bxf5 exf5 37. gxh6 gxh6 38. Kh2 Kf8 39. Nf3 Be6 40. Be1 Na6 41. Bc3 Rg8 42.
Rxg8+ Kxg8 43. Qc2 Qe8 44. Nh4 Kh8 45. Nxf5 Bxf5 46. Qxf5 Qe6 47. Qh3 Qxh3+ 48.
Kxh3 Nc7 49. Rd1 Rb3 50. Kg4 Nb5 51. Kf5 Nxc3 52. bxc3 Kg8 53. Kf6 Kf8 54. f5
Rxc3 55. e6 fxe6 56. fxe6 Rf3+ 57. Ke5 Rxa3 58. Rf1+ Ke8 59. Kxd5 c3 60. Kd6 Rb3
61. Rg1 Rb6+ 62. Ke5 c2 63. d5 Kf8 64. Rc1 Rb2 65. Kf6 Ke8 66. d6 Kd8 67. Kf7 1-0

[Event "Chigorin Memorial"]
[Site "St Petersburg RUS"]
[Date "2013.10.12"]
[Round "8.78"]
[White "Orel, Danil"]
[Black "Grigoriev, Maxim G."]
[Result "1-0"]
[WhiteElo "1831"]
[BlackElo "2211"]
[WhiteFideId "24164895"]
[BlackFideId "24120774"]
[EventDate "2013.10.05"]

1. e4 c5 2. Nf3 Nc6 3. c3 g6 4. d4 cxd4 5. cxd4 Bg7 6. Nc3 d6 7. Be2 Nf6 8. O-O
O-O 9. h3 d5 10. e5 Ne4 11. Qb3 Nxc3 12. Qxc3 Bf5 13. b4 Rc8 14. Qb2 Qb6 15. a3
Nxe5 16. dxe5 Rc2 17. Qb3 Rxe2 18. Be3 Qc7 19. Nd4 Rxe3 20. Qxe3 Qxe5 21. Nxf5
gxf5 22. Qb3 e6 23. Rac1 Rd8 24. f4 Qd6 25. Qd3 h6 26. Kh1 d4 27. Rc4 Qd5 28.
Re1 Rd7 29. Rc8+ Kh7 30. Rc5 Qd6 31. g4 Qa6 32. b5 Qa5 33. Re2 Qd8 34. gxf5 Kg8
35. fxe6 fxe6 36. Qc4 Kh7 37. Rxe6 b6 38. Rc8 1-0

[Event "Chigorin Memorial"]
[Site "St Petersburg RUS"]
[Date "2013.10.12"]
[Round "8.80"]
[White "Voronenkov, Sergey"]
[Black "Melnikov, Dmitry"]
[Result "0-1"]
[BlackTitle "FM"]
[WhiteElo "2019"]
[BlackElo "2311"]
[WhiteFideId "24129674"]
[BlackFideId "4146468"]
[EventDate "2013.10.05"]

1. e4 c6 2. d4 Na6 3. Nc3 Nc7 4. Bf4 g6 5. Nf3 Bg7 6. Bc4 d5 7. Bxc7 Qxc7 8.
exd5 Nf6 9. dxc6 O-O 10. Ne5 bxc6 11. O-O c5 12. Nb5 Qb6 13. dxc5 Qxc5 14. Qd4
Qxd4 15. Nxd4 Nd7 16. Nec6 Nb6 17. Bb3 Bb7 18. Nxe7+ Kh8 19. c3 Rfd8 20. Rad1
Rd6 21. Rfe1 Bf6 22. Re3 Rad8 23. Rde1 Bxd4 24. cxd4 Rxd4 25. Bxf7 Rd2 26. b4
Rf8 27. Nxg6+ hxg6 28. Bxg6 Rfxf2 29. Re8+ Kg7 30. R1e7+ Kxg6 31. Rg8+ Kf6 32.
Rxb7 Ke5 33. Rxa7 Nd5 34. Rd7 Nxb4 35. Re8+ Kf6 36. Rf8+ Ke6 37. Rxf2 Rxd7 38.
h4 Ra7 39. Kh2 Nxa2 40. Kh3 Nc3 41. h5 Ne4 42. Rb2 Kf5 43. Rb5+ Kf4 44. Rb8 Ra1
45. Kh2 Nf6 46. g3+ Kg4 47. h6 Ra2+ 48. Kg1 Kxg3 49. Kf1 Rh2 50. Ra8 Ne4 51. Re8
Kf3 52. Rf8+ Ke3 53. Ra8 Nd2+ 54. Kg1 Nf3+ 0-1

[Event "Chigorin Memorial"]
[Site "St Petersburg RUS"]
[Date "2013.10.12"]
[Round "8.81"]
[White "Rozanov, Pavel B."]
[Black "Utkin, Vladimir"]
[Result "1-0"]
[WhiteTitle "FM"]
[WhiteElo "2309"]
[BlackElo "2025"]
[WhiteFideId "4129270"]
[BlackFideId "24112160"]
[EventDate "2013.10.05"]

1. f4 e5 2. fxe5 d6 3. Nf3 g5 4. e4 g4 5. Nd4 dxe5 6. Nb3 a5 7. a4 Be6 8. c3 Nf6
9. d3 Rg8 10. Be2 Nc6 11. Be3 Qd7 12. N1d2 O-O-O 13. Qc2 b6 14. Nc4 Kb7 15.
O-O-O Be7 16. Rhf1 Bxc4 17. dxc4 Qe6 18. c5 Rxd1+ 19. Rxd1 Rd8 20. Rxd8 Bxd8 21.
Nd2 Nd7 22. cxb6 cxb6 23. Qd1 h5 24. Qf1 Qf6 25. Ba6+ Ka7 26. Qd3 Ndb8 27. Bb5
Bc7 28. Nc4 Kb7 29. Kc2 Qe6 30. Qf1 Na7 31. Nd2 Nxb5 32. axb5 Nd7 33. Nc4 Nf6
34. Qd3 Qd7 35. Bg5 Qxd3+ 36. Kxd3 Nd7 37. Be7 Kc8 38. b4 a4 39. Ne3 Bd8 40.
Bxd8 Kxd8 41. Nd5 f5 42. exf5 e4+ 43. Kc2 Ne5 44. Ne3 h4 45. h3 gxh3 46. gxh3
Nd3 47. Ng2 Nf2 48. Nxh4 Nxh3 49. Ng2 Nf2 50. Ne3 Nd3 51. Nd5 Ne5 52. Nxb6 a3
53. Nd5 Nc4 54. Kb3 e3 55. Nf4 Ke7 56. Ne2 Kf6 57. Nd4 Ke5 58. b6 a2 59. Kxa2
Nxb6 60. Kb3 Nd5 61. Kc4 Nf4 62. b5 e2 63. Kc5 Nd3+ 64. Kc6 Ke4 65. Nxe2 1-0

[Event "Chigorin Memorial"]
[Site "St Petersburg RUS"]
[Date "2013.10.12"]
[Round "8.82"]
[White "Pletnev, Evgeniy"]
[Black "Kiseleva, Arina"]
[Result "0-1"]
[BlackTitle "WC"]
[WhiteElo "2278"]
[BlackElo "1992"]
[WhiteFideId "24104140"]
[BlackFideId "4164989"]
[EventDate "2013.10.05"]

1. e4 c5 2. Nf3 d6 3. d4 cxd4 4. Nxd4 Nf6 5. Nc3 Nc6 6. Bc4 Bd7 7. Bb3 g6 8. f3
Nxd4 9. Qxd4 Bg7 10. Be3 O-O 11. Qd2 b5 12. a4 b4 13. Ne2 a5 14. Bh6 Rc8 15. h4
Be6 16. Bxe6 fxe6 17. h5 e5 18. g4 Qe8 19. hxg6 hxg6 20. b3 Bxh6 21. Rxh6 Qf7
22. Qg5 Nh7 23. Rxg6+ Kh8 24. Qf5 Rxc2 25. Rh6 Qxf5 26. exf5 Kg7 27. Rg6+ Kf7
28. Ng3 Rfc8 29. Ne4 Rh2 30. Rd1 Rcc2 31. Rd2 Rc1+ 0-1

[Event "Chigorin Memorial"]
[Site "St Petersburg RUS"]
[Date "2013.10.12"]
[Round "8.84"]
[White "Vorobjev, Dmitry"]
[Black "Larina, Marija"]
[Result "1-0"]
[BlackTitle "WFM"]
[WhiteElo "2190"]
[BlackElo "2011"]
[WhiteFideId "24112178"]
[BlackFideId "24113182"]
[EventDate "2013.10.05"]

1. d4 d5 2. c4 c6 3. Nf3 Nf6 4. Nc3 a6 5. c5 Nbd7 6. Bf4 Nh5 7. Bg5 h6 8. Bd2
Qc7 9. e4 dxe4 10. Nxe4 Ndf6 11. Nxf6+ Nxf6 12. Bc4 Bf5 13. Ne5 e6 14. O-O g5
15. Qf3 g4 16. Qb3 Bg7 17. f3 gxf3 18. Rxf3 Be4 19. Rg3 Nh5 20. Re3 Bd5 21. Bxd5
cxd5 22. Qa4+ Kf8 23. Ba5 Qe7 24. Rf1 Bxe5 25. Rxe5 Nf6 26. c6 Kg7 27. Bb4 Qc7
28. cxb7 Rab8 29. Qa3 Ne4 30. Rxe4 dxe4 31. Bd6 Qxb7 32. Qg3+ Kh7 33. Bxb8 Rxb8
34. Rxf7+ Qxf7 35. Qxb8 e3 36. Qg3 Qf5 37. Qc7+ Kg6 38. Qg3+ Kh7 39. Qxe3 Qb1+
40. Kf2 Qxb2+ 41. Qe2 Qxd4+ 42. Kf3 Qf6+ 43. Ke4 Qf5+ 44. Kd4 Qd5+ 45. Kc3 Qa5+
46. Kd3 Qd5+ 47. Kc3 Qa5+ 48. Kb3 Qd5+ 49. Kb4 a5+ 50. Kc3 Qc6+ 51. Kd2 Qb6 52.
g3 Qb2+ 53. Ke3 Qxe2+ 54. Kxe2 Kg6 55. a4 Kf5 56. Kf3 e5 57. g4+ Kg5 58. Kg3 Kf6
59. h4 Ke6 60. Kf2 e4 61. Ke3 Ke5 62. h5 Kf6 63. Kxe4 Kg5 64. Kf3 Kf6 65. Kf4
Ke6 66. g5 hxg5+ 67. Kxg5 Kf7 68. Kf5 Kg7 69. Ke6 Kh6 70. Kd5 Kxh5 71. Kc5 1-0

[Event "Chigorin Memorial"]
[Site "St Petersburg RUS"]
[Date "2013.10.12"]
[Round "8.85"]
[White "Alieva, Alexandra"]
[Black "Emdin, Mark"]
[Result "0-1"]
[WhiteElo "1940"]
[BlackElo "2177"]
[WhiteFideId "24133353"]
[BlackFideId "4100050"]
[EventDate "2013.10.05"]

1. e4 e6 2. d4 d5 3. Nd2 c5 4. c3 cxd4 5. cxd4 dxe4 6. Nxe4 Bb4+ 7. Nc3 Nf6 8.
Nf3 O-O 9. Bd3 b6 10. O-O Bb7 11. Bg5 Nc6 12. Bc2 Be7 13. h3 h6 14. Bh4 Nh5 15.
Qd3 g6 16. Bxe7 Nxe7 17. Qe3 Kh7 18. Ne5 Ng7 19. Qf4 Nef5 20. Ne4 Qh4 21. Qxh4
Nxh4 22. Nf6+ Kh8 23. Nfd7 Bxg2 24. Rfe1 Nh5 25. Nxf8 Nf4 26. Nfxg6+ fxg6 27.
Nxg6+ Nhxg6 28. Bxg6 Rg8 29. h4 Rxg6 30. Kh2 Rg4 31. Rg1 h5 32. f3 Bxf3 33. Rxg4
hxg4 34. Kg3 Ne2+ 35. Kf2 Nxd4 36. Re1 Kg7 37. Rc1 Nf5 38. Rc7+ Kf6 39. Rxa7 Bd5
40. h5 g3+ 41. Kg1 Nd4 42. h6 Ne2+ 43. Kf1 g2+ 44. Kxe2 g1=Q 45. h7 Qh2+ 46. Ke3
Qh3+ 47. Kd4 Be4 0-1

[Event "Chigorin Memorial"]
[Site "St Petersburg RUS"]
[Date "2013.10.12"]
[Round "8.86"]
[White "Drachev, Oleg"]
[Black "Gadzhiev, Farid"]
[Result "1-0"]
[WhiteElo "2176"]
[BlackElo "1887"]
[WhiteFideId "24193933"]
[BlackFideId "24194450"]
[EventDate "2013.10.05"]

1. e4 c5 2. Nf3 e6 3. c3 d5 4. e5 d4 5. Bc4 Nc6 6. d3 Nge7 7. O-O Ng6 8. Re1 Be7
9. cxd4 cxd4 10. a4 O-O 11. Na3 a6 12. Bd2 Rb8 13. Nc2 b5 14. axb5 axb5 15. Ba2
Qc7 16. Rc1 Ncxe5 17. Nxe5 Nxe5 18. Bf4 Bd6 19. Nxd4 Qb6 20. Nc6 Nxd3 21. Be3
Bxh2+ 22. Kf1 Qa6 23. Qxd3 Qxa2 24. Bc5 b4 25. Nxb8 Bxb8 26. Ra1 1-0

[Event "Chigorin Memorial"]
[Site "St Petersburg RUS"]
[Date "2013.10.12"]
[Round "8.87"]
[White "Egorov, Daniil"]
[Black "Shpartko, Grigory"]
[Result "0-1"]
[WhiteElo "1929"]
[BlackElo "2135"]
[WhiteFideId "24171956"]
[BlackFideId "24122254"]
[EventDate "2013.10.05"]

1. e4 c6 2. d4 d5 3. exd5 cxd5 4. Bd3 Nc6 5. c3 Nf6 6. h3 e5 7. dxe5 Nxe5 8. Qe2
Qe7 9. Bc2 g6 10. Nd2 Bg7 11. Ngf3 Nxf3+ 12. Nxf3 Qxe2+ 13. Kxe2 O-O 14. Rd1 Bd7
15. Nd4 Rfe8+ 16. Kf1 Ne4 17. Bf4 f5 18. f3 Nc5 19. Rab1 Rac8 20. Nb3 Bb5+ 21.
Kg1 Ne6 22. Be3 b6 23. Bd3 Ba4 24. Ba6 Rcd8 25. Rd2 Nc7 26. Bg5 Nxa6 27. Bxd8
Rxd8 28. Rbd1 Nc7 29. Re1 Kf8 30. Nd4 Re8 31. Rde2 Rxe2 32. Rxe2 Bd7 33. Nc2 Bh6
34. Nb4 a5 35. Nc2 Ne6 36. g3 Bc1 37. Ne1 d4 38. Kg2 dxc3 39. bxc3 Bb5 40. c4
Nd4 41. Re5 Bxc4 42. a4 Nc6 0-1

[Event "Chigorin Memorial"]
[Site "St Petersburg RUS"]
[Date "2013.10.12"]
[Round "8.89"]
[White "Reshetnikov, Ruslan"]
[Black "Androsov, Sergey"]
[Result "1/2-1/2"]
[WhiteElo "1878"]
[BlackElo "2114"]
[WhiteFideId "34102768"]
[BlackFideId "4102681"]
[EventDate "2013.10.05"]

1. d4 d5 2. c4 e6 3. Nc3 Nf6 4. Bg5 Be7 5. cxd5 exd5 6. Qc2 c6 7. e3 O-O 8. Bd3
h6 9. Bf4 Nbd7 10. Nge2 Re8 11. O-O Nf8 12. Rab1 Bd6 13. b4 a6 14. Rfc1 Ne6 15.
Bxd6 Qxd6 16. a4 Ng4 17. Ng3 h5 18. h3 h4 19. Nf1 Nf6 20. f4 a5 21. bxa5 Rxa5
22. Qf2 g6 23. f5 Nf8 24. Qxh4 Ne4 25. Bxe4 dxe4 26. Ng3 gxf5 27. Nh5 Nh7 28.
Nf4 Qf6 29. Qg3+ Kh8 30. Nh5 Qg6 31. Qh4 Rg8 32. Nf4 Qf6 33. Qxf6+ Nxf6 34. Kf2
Re8 35. Rb4 Kg8 36. Nd1 Bd7 37. Nb2 b5 38. Rc5 Rea8 39. Ke2 R5a7 40. axb5 cxb5
41. Kd2 Kf8 42. Ne2 Ra1 43. Nd1 R8a2+ 44. Rc2 Nd5 45. Rb3 b4 46. Rxa2 Rxa2+ 47.
Rb2 Ra3 48. Nf4 Nxf4 49. exf4 Rd3+ 50. Ke2 Bb5 51. Ke1 Ba4 52. Nf2 Rxd4 53. Ke2
Rc4 54. Ke3 Bc2 55. Nh1 b3 56. Ng3 Rc3+ 57. Kf2 Rc5 58. Ke3 Ke7 59. Ne2 Ra5 60.
Kd2 Ra2 61. Kc3 Ra8 62. Nd4 Rc8+ 63. Kd2 Rd8 64. Ke3 Kf6 65. Nxc2 Rd3+ 66. Ke2
bxc2 67. Rxc2 Kg6 68. Rc6+ f6 69. Rc7 Ra3 70. Rc6 Ra2+ 71. Kf1 Rb2 72. Ra6 1/2-1/2

[Event "Chigorin Memorial"]
[Site "St Petersburg RUS"]
[Date "2013.10.12"]
[Round "8.90"]
[White "Grachev, Andrey"]
[Black "Yakovlev, Yuri S."]
[Result "0-1"]
[WhiteElo "2110"]
[BlackElo "1940"]
[WhiteFideId "24138290"]
[BlackFideId "4173929"]
[EventDate "2013.10.05"]

1. e4 c5 2. Nf3 e6 3. c4 b6 4. Nc3 Bb7 5. Be2 Nc6 6. d4 cxd4 7. Nxd4 Nxd4 8.
Qxd4 d6 9. O-O Nf6 10. Bg5 h6 11. Bh4 g5 12. Bg3 e5 13. Qd3 h5 14. h4 Ng4 15.
hxg5 Qxg5 16. c5 Bc6 17. cxd6 h4 18. Bh2 Nxh2 19. Kxh2 Rg8 20. Bf3 Qf4+ 21. Kh1
Rd8 22. Nb5 Bh6 23. d7+ Rxd7 24. Qc4 Rg6 25. Rfd1 h3 26. Rxd7 hxg2+ 27. Bxg2
Bxd7 28. Nc7+ Kf8 29. Qb4+ Kg8 30. Nd5 Qh4+ 31. Kg1 Bf8 32. Qb3 Bh3 33. Nf6+
Rxf6 34. Qxh3 Qxf2+ 35. Kh1 Rh6 0-1

[Event "Chigorin Memorial"]
[Site "St Petersburg RUS"]
[Date "2013.10.12"]
[Round "8.91"]
[White "Bykova, Anastasia"]
[Black "Shemenko, Georgy"]
[Result "1-0"]
[WhiteElo "2083"]
[BlackElo "1802"]
[WhiteFideId "4164970"]
[BlackFideId "34112879"]
[EventDate "2013.10.05"]

1. d4 Nf6 2. Nf3 g6 3. Bg5 Bg7 4. Nbd2 d5 5. e3 O-O 6. Be2 Nbd7 7. O-O c5 8. c3
cxd4 9. cxd4 Nb6 10. h3 Bf5 11. Qb3 Rc8 12. Rfc1 Qd7 13. Bb5 Qe6 14. a4 Rxc1+
15. Rxc1 Rc8 16. Rc3 Rxc3 17. bxc3 a6 18. Bf1 Qc6 19. Ne5 Qc7 20. Bf4 Nh5 21.
Bh2 Bxe5 22. Bxe5 Qc6 23. a5 Nc4 24. Nxc4 dxc4 25. Bxc4 Be6 26. d5 Qc5 27. Bd4
Qxa5 28. dxe6 b5 29. exf7+ Kf8 30. Be2 Ng7 31. Bxg7+ Kxg7 32. Bf3 Qb6 33. Bd5 a5
34. c4 b4 35. Qb2+ Qf6 36. Qxf6+ exf6 37. c5 a4 38. c6 b3 39. c7 b2 40. Ba2
b1=Q+ 41. Bxb1 Kxf7 42. c8=Q 1-0

[Event "Chigorin Memorial"]
[Site "St Petersburg RUS"]
[Date "2013.10.12"]
[Round "8.92"]
[White "Gogin, Maksim"]
[Black "Assaubayeva, Bibissara"]
[Result "1-0"]
[BlackTitle "WFM"]
[WhiteElo "2075"]
[BlackElo "1820"]
[WhiteFideId "24195871"]
[BlackFideId "13708694"]
[EventDate "2013.10.05"]

1. d4 f5 2. Nf3 Nf6 3. g3 g6 4. Bg2 Bg7 5. O-O O-O 6. c4 d6 7. d5 Qe8 8. Nc3 a6
9. Qb3 Nbd7 10. Be3 Ng4 11. Bd4 Bh6 12. e4 f4 13. Rfe1 Nge5 14. Bxe5 dxe5 15. c5
Nxc5 16. Qc4 b6 17. b4 Nb7 18. Qxc7 Nd6 19. Nxe5 Bb7 20. Bh3 Bg7 21. Nc4 Bc8 22.
Bf1 Nxc4 23. Qxc4 Bg4 24. e5 Rc8 25. Qd4 Qf7 26. Ne4 Qf5 27. Nd2 fxg3 28. hxg3
Rc2 29. f4 Qh5 30. Rec1 Rfc8 31. Rxc2 Rxc2 32. Qe3 Qh6 33. d6 Be6 34. d7 Bxd7
35. Qb3+ Kf8 36. Qxc2 1-0

[Event "Chigorin Memorial"]
[Site "St Petersburg RUS"]
[Date "2013.10.12"]
[Round "8.93"]
[White "Nuritdinov, Nizomiddin"]
[Black "Senkevich, Konstantin"]
[Result "1-0"]
[WhiteElo "1882"]
[BlackElo "2039"]
[WhiteFideId "14203820"]
[BlackFideId "4192389"]
[EventDate "2013.10.05"]

1. d4 c5 2. e3 d5 3. Nf3 e6 4. Nbd2 Nc6 5. c3 c4 6. e4 b5 7. a3 a5 8. Be2 Bd7 9.
O-O Nge7 10. Re1 b4 11. Ne5 bxc3 12. bxc3 a4 13. exd5 exd5 14. Ndf3 f6 15. Nxd7
Qxd7 16. Nh4 Na5 17. Bg4 Qb7 18. Nf5 Nb3 19. Nd6+ 1-0

[Event "Chigorin Memorial"]
[Site "St Petersburg RUS"]
[Date "2013.10.12"]
[Round "8.94"]
[White "Sokolov, Ilia"]
[Black "Krasovskiy, Sviatoslav"]
[Result "0-1"]
[WhiteElo "1792"]
[BlackElo "2031"]
[WhiteFideId "34107468"]
[BlackFideId "24145696"]
[EventDate "2013.10.05"]

1. d4 Nf6 2. c4 e6 3. Nf3 b6 4. g3 Bb7 5. Bg2 Be7 6. O-O d6 7. Nc3 Ne4 8. Qc2
Nxc3 9. Qxc3 Bf6 10. e3 Nd7 11. b3 O-O 12. Bb2 Qe7 13. Qc2 a5 14. Rfe1 g6 15. e4
e5 16. a3 Rfe8 17. d5 Bg7 18. b4 Rf8 19. Rf1 f5 20. Ne1 f4 21. Nd3 g5 22. Rfc1
g4 23. c5 bxc5 24. bxc5 Ba6 25. Bf1 Bxd3 26. cxd6 cxd6 27. Bxd3 Nc5 28. Bc4 a4
29. Bc3 Qf7 30. Rf1 f3 31. h4 Bf6 32. Kh2 Bxh4 33. gxh4 Qf4+ 34. Kh1 Nxe4 35.
Bxe5 dxe5 36. d6+ Kh8 37. Bd5 Qf6 38. Qxe4 Qxh4+ 39. Kg1 Rae8 40. Bg8 Rxg8 41.
Qf5 g3 42. Qxf3 Qh2# 0-1